The mass media and social problems /

Bibliographic Details
Main Author: Howitt, Dennis
Format: Book
Language:English
Published: Oxford ; New York : Pergamon Press, 1982.
Edition:1st ed.
Series:International series in experimental social psychology ; v. 2.
Subjects:

MARC

Tag First Indicator Second Indicator Subfields
LEADER 00000cam a22000008a 4500
001 in00000096688
005 20150924084827.0
008 811105s1982 enk b 00110 eng
010 |a  81019971  
020 |a 0080267599 :  |c $28.50 (est.) 
020 |a 0080289185 (pbk.) :  |c $11.00 (est.) 
035 |a (OCoLC)07976596 
035 |9 AAK8822AM 
039 0 |a 2  |b 3  |c 3  |d 3  |e 3 
040 |a DLC  |c DLC  |d TXA  |d UtOrBLW 
049 |a TXAM  |c [388850] 
050 0 0 |a HM258  |b  H63 1982 
082 0 |a 302.2/3  |2 19 
100 1 |a Howitt, Dennis. 
245 1 4 |a The mass media and social problems /  |c by Dennis Howitt. 
250 |a 1st ed. 
263 |a 8204 
264 1 |a Oxford ;  |a New York :  |b Pergamon Press,  |c 1982. 
300 |a viii, 204 pages ;  |c 24 cm. 
336 |a text  |b txt  |2 rdacontent 
337 |a unmediated  |b n  |2 rdamedia 
338 |a volume  |b nc  |2 rdacarrier 
490 1 |a International series in experimental social psychology ;  |v v. 2 
500 |a Includes indexes. 
504 |a Bibliography: pages 180-195. 
650 0 |a Mass media  |x Social aspects. 
650 0 |a Social problems. 
830 0 |a International series in experimental social psychology ;  |v v. 2. 
999 |a MARS 
999 f f |s 1323a2f2-03e3-36aa-97d2-f4759301261c  |i 6f2658c5-8224-3438-bef5-553ad22b77aa  |t 0 
952 f f |p ric  |a Texas A&M University  |b Rellis Campus  |c Joint Library Facility  |d Remote Storage  |t 0  |e HM258 H63 1982  |h Library of Congress classification  |i unmediated -- volume  |m A14806025932 
998 f f |a HM258 H63 1982  |t 0  |l Remote Storage